| 000 | 00495nam a2200181 4500 | ||
|---|---|---|---|
| 003 | SEACOMMC | ||
| 005 | 20250124120316.0 | ||
| 008 | 250124b |||||||| |||| 00| 0 eng d | ||
| 020 |
_a81-309-0178-1 _cRs.395.00 |
||
| 040 | _aSEACOMMC | ||
| 082 |
_a338.4791 _bH 659 |
||
| 100 | _a Hinch, Thomas | ||
| 245 | 1 |
_aSport Tourism Development _c Thomas Hinch, James Higham |
|
| 260 |
_a Kolkata _bViva-Books _c2006 |
||
| 440 | _a Aspects of tourism,13 | ||
| 650 | _aSports and Tourism | ||
| 942 | _cBOOK | ||
| 999 |
_c1026 _d1026 |
||